Science Quiz

Random Science or Clickable Quiz
Score 0/32 Timer 10:00
0 Plays Today
% Correct
Gastrin
100%
Gastrin
100%
Somatostatin
100%
Somatostatin
100%
Cholecystokinin
100%
Secretin
100%
Secretin
100%
GIP
100%
Motilin
100%
VIP
100%
VIP
100%
Nitric Oxide
100%
Ghrelin
100%
Intrinsic Factor
100%
Intrinsic Factor
100%
Gastric Acid
100%
% Correct
Gastric Acid
100%
Pepsin
100%
Pepsin
100%
Bicarbonate
100%
Alpha-amylase
100%
Lipases
100%
Proteases
100%
Lipases
100%
100%
Trypsinogen
100%
Somatostatin
50%
Cholecystokinin
50%
GIP
50%
GIP
50%
Proteases
50%
VIP
0%

You're not logged in!

Compare scores with friends on all Sporcle quizzes.
OR
Log In

Sporcle TV

Today on Sporcle TV


Watch our educational content, quiz creation guides, and fun videos on Sporcle TV.

Show Comments

Extras

Created Sep 24, 2019ReportNominate
Tags:Clickable Quiz, substance

Top Quizzes Today


Score Distribution

Paid Content

Your Account Isn't Verified!

In order to create a playlist on Sporcle, you need to verify the email address you used during registration. Go to your Sporcle Settings to finish the process.

Report this User

Report this user for behavior that violates our Community Guidelines.

Details: